Chanson - Rosie - Statistiques

Statistiques générales
  • Ce quiz a été pris 35 fois
  • Le résultat moyen est 5 sur 12
Statistiques - réponses
Hint Réponse % Correct
song apt
92%
song number one girl
63%
song toxic till the end
63%
song 3am
50%
song drinks or coffee
46%
song two years
46%
song stay a little longer
33%
song gameboy
25%
song dance all night
17%
song not the same
17%
song too bad for us
17%
song call it end
4%
Aucun quiz correspondant
Distribution des résultats
% des personnes avec chaque résultat
Percentile par nombre de réponses
Votre historique - résultats
Vous n’avez pas pris ce quiz